| 000 | 00591nam a2200193 a 4500 | ||
|---|---|---|---|
| 001 | 000007791 | ||
| 005 | 20200929154312.0 | ||
| 008 | 750110s1975 cu 001 0 spa | ||
| 040 |
_aDO-SdBNP _bspa _cBNPHU |
||
| 082 |
_a982 _bW223ó, 1975 |
||
| 100 | 1 |
_aWalsh, Rodolfo J. _921496 |
|
| 245 | 1 | 0 |
_aOperación masacre / _cRodolfo Walsh. |
| 250 | _a2a ed. | ||
| 260 |
_aLa Habana : _bCasa de las Américas, _c1975. |
||
| 300 |
_a195 p. ; _c18 cm. |
||
| 490 | 1 | _aLa Honda | |
| 651 | 4 |
_aArgentina _xHistoria _yREVOLUCIÓN 1955. _921497 |
|
| 651 | 4 |
_aArgentina _xPolítica Y Gobierno _y1943-1955. _921498 |
|
| 999 |
_c7569 _d7569 |
||